000 00294pab a2200121 454500
008 180718b xxu||||| |||| 00| 0 eng d
100 _aMajumder, S.
245 _aWhy India has failed in Japanese market
650 _a Japan
650 _aManagement
773 _aFinancial Express
909 _a22703
999 _c22703
_d22703